Altitude das Pistas 2°EIA - Statistics

Estatísticas Gerais
  • Esse quiz foi jogado 521 vezes
    516 desde o último reset
  • A pontuação média é 17 de 19
Estatísticas das Respostas
Hint Resposta % Correto
Jacuba 2400 ft
98%
Vargem Grande do Sul 2300 ft
96%
São João da Boa Vista 2500 ft
94%
Faz. Amália 2300 ft
93%
Casa Branca 2300 ft
93%
Tambaú 2400 ft
93%
Abengoa 2000 ft
91%
Faz. Caiapó 2000 ft
91%
Usina Cresciumal 2000 ft
89%
Santa Rita do Passa Quatro 2800 ft
89%
Leme 2000 ft
87%
Araras 2200 ft
87%
Faz. Retiro 2000 ft
85%
Laranjal 2100 ft
85%
Faz. Monte Cristo 2200 ft
85%
Faz. Boa Vista Rocheto 2100 ft
80%
Mococa 2100 ft
76%
Chifre 2200 ft
76%
São José do Rio Pardo 2800 ft
76%
Nenhum quiz correspondente encontrado
Distribuição das Pontuações
Porcentagem de Pessoas com Cada Pontuação
Percentil de Números Respondidos
Sua Pontuação Histórica
Você não jogou esse quiz desde o último reset